00570nam a2200217Ia 4500001000500000005001700005007000300022008004100025020001800066040002500084041000800109082001800117100002400135245006500159250001300224260004400237300003300281504001000314653001100324653001700335810720240113234050.0ta050716s1987 a g b000 u eng u a0-333-41768-2 aCotton College Assam aeng a576bSt 11 Ge aStanier, Roger Y. . 0aGeneral Microbiology /cRoger Y. Stanier.hTextual Documents a5th ed / aLondon :bMacmillan Press Ltd. ,c1987. axiii,675p. :bill ;c23cm. . aIndex aBotany aMicrobiology